000
00321nam a2200133Ia 4500
008
100328s9999 xx 000 0 und d
082
_b
54996
100
_a
Thomas Vernon
245
_a
Folk Tales From India
260
_b
Hemkant
630
_a
Folk Tales From India
730
_a
Folk Tales From India
942
_c
BOOK
999
_c
541697
_d
541694